000 00481cam a2200193ua 4500
001 1347
008 110706n ii |||gr||||Z||||||asm
020 _a81-7339-174-2
040 _cMAIN
082 _a301.095416
100 _aSaikia, Utpal,
_eAuthor.
245 1 _aUttar-pub Bharatar Samaj
_cBy Utpal Saikia
250 _a3rd.
260 _aDibrugarh:
_bBanalata,
_c2004.
300 _a291p:
_c23cm.
653 _aSociology
653 _aSociety in North East India
942 _cBK
999 _c1245
_d1245